COSMETIC RULES ,2020 (Record no. 8166)

MARC details
000 -LEADER
fixed length control field 00393nam a22001577a 4500
005 - DATE AND TIME OF LATEST TRANSACTION
control field 20230111132452.0
008 - FIXED-LENGTH DATA ELEMENTS--GENERAL INFORMATION
fixed length control field 221220b |||||||| |||| 00| 0 eng d
041 ## - LANGUAGE CODE
Language code of text/sound track or separate title eng
082 ## - DEWEY DECIMAL CLASSIFICATION NUMBER
Classification number 345.4-DES-C
100 ## - MAIN ENTRY--AUTHOR NAME
Personal name DESHPANDE ,S.W.AND GANDHI ,NILESH
245 ## - TITLE STATEMENT
Title COSMETIC RULES ,2020
260 ## - PUBLICATION, DISTRIBUTION, ETC. (IMPRINT)
Name of publisher SUMIT PUBLISHERS
300 ## - PHYSICAL DESCRIPTION
Number of Pages 70;P.
650 ## - SUBJECT ADDED ENTRY--TOPICAL TERM
Topical Term PHARMACY
General subdivision D.PHARMA
942 ## - ADDED ENTRY ELEMENTS (KOHA)
Koha item type Books
Holdings
Lost status Damaged status Collection code Home library Current library Shelving location Date acquired Source of acquisition Cost, normal purchase price Full call number Accession Number Koha item type
    PHARMACY JRU Library JRU Library SHELF - 18 - I 19/11/2022 LOHIA BOOK INTERNATIONAL 3000.00 345.4-DES-C 27215 Books